| 000 | 00468nam a2200181Ia 4500 | ||
|---|---|---|---|
| 008 | 221030s9999 xx 000 0 und d | ||
| 020 | _a0074633503 | ||
| 041 | _aEnglish | ||
| 082 |
_a105.23 _bRan |
||
| 100 | _aC. S. Rangan | ||
| 245 | 0 |
_aInstrumentation Devices & Systems ( DEPARTMENTAL ) _cby C. S. Rangan, G. R. Sarma |
|
| 250 | _a2nd | ||
| 260 |
_bTMH _aNew Delhi _c1998 |
||
| 300 | _a549 | ||
| 650 | _aECE Departmental | ||
| 700 | _aG. R. Sarma | ||
| 942 | _cBK | ||
| 999 |
_c2245 _d2245 |
||